Az önmagunkkal rendelkezés véghezvitele –, avagy az akarat jóra fordítása
Elmentve itt :
| Szerző: | |
|---|---|
| Testületi szerző: | |
| Dokumentumtípus: | Könyv része |
| Megjelent: |
2011
|
| Sorozat: | Lábjegyzetek Platónhoz
9 Az akarat 9 |
| Kulcsszavak: | Akaratszabadság - etika, Fenomenológia |
| Tárgyszavak: | |
| Online Access: | http://acta.bibl.u-szeged.hu/49217 |
| LEADER | 00901naa a2200241 i 4500 | ||
|---|---|---|---|
| 001 | acta49217 | ||
| 005 | 20220107114107.0 | ||
| 008 | 170803s2011 hu o 0|| hun d | ||
| 020 | |a 978 963 88812 1 2 | ||
| 022 | |a 1785 7082 | ||
| 040 | |a SZTE Egyetemi Kiadványok Repozitórium |b hun | ||
| 041 | |a hun | ||
| 100 | 2 | |a Ungvári Zrínyi Imre | |
| 245 | 1 | 3 | |a Az önmagunkkal rendelkezés véghezvitele –, avagy az akarat jóra fordítása |h [elektronikus dokumentum] / |c Ungvári Zrínyi Imre |
| 260 | |c 2011 | ||
| 300 | |a 327-338 | ||
| 490 | 0 | |a Lábjegyzetek Platónhoz |v 9 | |
| 490 | 0 | |a Az akarat |v 9 | |
| 650 | 4 | |a Bölcsészettudományok | |
| 650 | 4 | |a Filozófia, etika és vallástudományok | |
| 695 | |a Akaratszabadság - etika, Fenomenológia | ||
| 710 | |a Lábjegyzetek Platónhoz: Az akarat (2010) (Szeged) | ||
| 856 | 4 | 0 | |u http://acta.bibl.u-szeged.hu/49217/1/platonhoz_009_327-338.pdf |z Dokumentum-elérés |